<?xml version="1.0" encoding="UTF-8"?><?xml-stylesheet type="text/xsl" href="static/style.xsl"?><OAI-PMH xmlns="http://www.openarchives.org/OAI/2.0/" xmlns:xsi="http://www.w3.org/2001/XMLSchema-instance" xsi:schemaLocation="http://www.openarchives.org/OAI/2.0/ http://www.openarchives.org/OAI/2.0/OAI-PMH.xsd"><responseDate>2026-04-18T13:52:56Z</responseDate><request verb="GetRecord" identifier="oai:riubu.ubu.es:10259/8987" metadataPrefix="marc">https://riubu.ubu.es/oai/request</request><GetRecord><record><header><identifier>oai:riubu.ubu.es:10259/8987</identifier><datestamp>2024-05-14T11:50:04Z</datestamp><setSpec>com_10259_2699</setSpec><setSpec>col_10259_2713</setSpec></header><metadata><record xmlns="http://www.loc.gov/MARC21/slim" xmlns:doc="http://www.lyncode.com/xoai" xmlns:xsi="http://www.w3.org/2001/XMLSchema-instance" xmlns:dcterms="http://purl.org/dc/terms/" xsi:schemaLocation="http://www.loc.gov/MARC21/slim http://www.loc.gov/standards/marcxml/schema/MARC21slim.xsd">
<leader>00925njm 22002777a 4500</leader>
<datafield tag="042" ind1=" " ind2=" ">
<subfield code="a">dc</subfield>
</datafield>
<datafield tag="720" ind1=" " ind2=" ">
<subfield code="a">Ruiz Hidalgo, David</subfield>
<subfield code="e">author</subfield>
</datafield>
<datafield tag="260" ind1=" " ind2=" ">
<subfield code="c">2022</subfield>
</datafield>
<datafield tag="520" ind1=" " ind2=" ">
<subfield code="a">Las metodologías activas y las Tecnologías de la Información y la Comunicación (TIC), esenciales en el proceso de enseñanza-aprendizaje de la lengua inglesa en los diferentes contextos curriculares, nos proporcionan la posibilidad de investigar desde el punto de vista de los alumnos de las diversas etapas educativas y desde la óptica de los futuros docentes. La implementación de las metodologías activas en el proceso de enseñanza-aprendizaje de la lengua extranjera, ha supuesto un gran cambio metodológico, potenciando la adquisición de competencias personales y académicas curriculares, permitiendo al alumno desarrollar habilidades y competencias sociales, necesarias para su futuro profesional. Esta tesis doctoral ahonda en la investigación de la aplicación de metodologías activas y las TIC en contextos curriculares y formativos integrados, especialmente en la investigación del Aprendizaje Basado en Proyectos y el enfoque AICLE (Aprendizaje Integrado de Contenido y Lengua Extranjera), por sus siglas en inglés CLIL, en el aula bilingüe.</subfield>
</datafield>
<datafield tag="520" ind1=" " ind2=" ">
<subfield code="a">Active methodologies and Information and Communication Technologies (ICT), essential in the teaching-learning process of English in a broad range of curricular contexts, allow for the possibility of researching from the perspectives of  students at different educational levels and pre-service teachers. The implementation of active methodologies in the teaching-learning process of foreign languages has entailed a great methodological change promoting the acquisition of personal and academic curricular competences, these methodologies enable students to further develop the necessary social skills and competences for their professional future. This doctoral dissertation delves into the application of active methodologies and ICT in integrated curricular and training contexts, especially in the research of Project Based Learning and the CLIL (Content and Language Integrated Learning) approach in the bilingual classroom.</subfield>
</datafield>
<datafield tag="024" ind2=" " ind1="8">
<subfield code="a">http://hdl.handle.net/10259/8987</subfield>
</datafield>
<datafield tag="024" ind2=" " ind1="8">
<subfield code="a">10.36443/10259/8987</subfield>
</datafield>
<datafield ind1=" " ind2=" " tag="653">
<subfield code="a">Metodologías activas</subfield>
</datafield>
<datafield ind1=" " ind2=" " tag="653">
<subfield code="a">TIC</subfield>
</datafield>
<datafield ind1=" " ind2=" " tag="653">
<subfield code="a">Lengua extranjera Inglés</subfield>
</datafield>
<datafield ind1=" " ind2=" " tag="653">
<subfield code="a">AICLE</subfield>
</datafield>
<datafield ind1=" " ind2=" " tag="653">
<subfield code="a">ABP</subfield>
</datafield>
<datafield ind1=" " ind2=" " tag="653">
<subfield code="a">Active methodologies</subfield>
</datafield>
<datafield ind1=" " ind2=" " tag="653">
<subfield code="a">ICT</subfield>
</datafield>
<datafield ind1=" " ind2=" " tag="653">
<subfield code="a">English as a foreign language</subfield>
</datafield>
<datafield ind1=" " ind2=" " tag="653">
<subfield code="a">CLIL</subfield>
</datafield>
<datafield ind1=" " ind2=" " tag="653">
<subfield code="a">PBL</subfield>
</datafield>
<datafield tag="245" ind1="0" ind2="0">
<subfield code="a">Metodologías activas y CLIL: aplicación de las TIC en la enseñanza-aprendizaje de la lengua inglesa en contextos sociales, curriculares y formativos integrados</subfield>
</datafield>
</record></metadata></record></GetRecord></OAI-PMH>